000 03999nam a2200229Ia 4500
003 Ost
005 20260507075009.0
008 260507s9999||||xx |||||||||||||| ||und||
020 _a9007120957899
040 _cfsecg
041 _aara
082 _a658.5
100 _aاللامي، غسان قاسم داود
_eمؤلف
245 0 _aإدارة الانتاج و العمليات :
_bمرتكزات كمية و معرفية /
_c غسان قاسم داود اللامي
260 _aعمان:
_bدار اليازوري,
_c2008
300 _a587 صفحة؛
_bإيضاحات ؛
_c24 سم
520 _aيسعى الكتاب إلى تقديم إغناء معرفي وعملي ليلم القارئ بالمفاهيم والتطبيقات الحديثة لإدارة نشاطات العمليات في المنظمة وتطبيقاتها العملية جراء استيعاب وظائفها مفاهيماً وتقنياً وبما تسهم في تقديم فهم متكامل لإتخاذ القرارات التشغيلية بشكل متكامل وصائب حيث المداخل والإجراءات والتمارين والحالات العملية التي تناسب كل فعالية أو وظيفة فيها. فضلاً عن مساهمة مفرداته ومواضيعه في إثراء المكتبة العربية بمرجع يفيد طلبة الدراسات الأولية والعليا في مجالات إدارة الإنتاج والعلميات لاختصاصات إدارة الأعمال والإدارة الصناعية بغية تنمية مؤهلاتهم وقدراتهم للتعامل مع وظائف الإنتاج والعمليات في المجالات التطبيقية. اجتهد المؤلفان لاكساب مؤلفهم صفة المعاصرة عبر إطلاعهم على أحدث المصادر من أدبيات ودراسات متخصصة حديثة من مجالات إداة الإنتاج والعمليات ليكون مضمون جهدهم المتواضع مناسباً لإعداد عاملين ودارسين مؤهلين للالتحاق إلى ميادين الإنتاج وفق التوجهات الجديدة المناسبة للحاق بمسيرة العلم والمعرفة والتطور وعصر المعلوماتية والتجدد. يتضمن الكتاب أحد عشر فصولاً إذ يتناول الفصل الأول مدخل إلى إدارة الإنتاج والعمليات موضى المفاهيم والتطور والأدوار والاسبقيات التنافسية، وأهم مقاييس الإنتاجية، وتضمن الفصل الثاني تخطيط وتطوير والتصميم المنتوج، وتحصص الفصل الثالث لموضوع اختيار موقع المصنع، انفرد الفصل الرابع للترتيب الداخلي للمصنع وموازنة خط التجميع، وركز الفصل الخامس لتكنولوجيا العمليات في مجالات التصميم والإنتاج والمعلومات، وتناول الفصل السادس تخطيط الطاقة واستراتيجياتها وخطوات قياسها مع أمثلة محلولة، وشمل الفصل السابع لاستراتيجيات التخطيط الإجمالي مع تطبيقات عملية، واحتوى الفصل الثامن لنظام تخطيط الاحتياجات من المواد ومدخلاته ومخرجاته وأساليب تحديد حجم الدفعة لأغراض تطبيق هذا النظام، وبين الفصل التاسع موضوع جدولة العمليات التشغيلية، وانفرد الفصل العاشر للصيانة والمعولية وأخيراً احتوى الفصل الحادي عشر إدارة الجودة الشاملة وتحسين العمليات.
653 _aإدارة الإنتاج
653 _aبحوث العمليات
700 _aشكرولي، البياتي أميرة
_eمؤلف ثانوي
942 _cكتاب
999 _c42144
_d42144